Being an independent regulator
Gespeichert in:
| Format: | Buch |
|---|---|
| Sprache: | Englisch |
| Veröffentlicht: |
Paris
OECD
2016
|
| Schriftenreihe: | <The> governance of regulators
|
| Schlagworte: | |
| Tags: |
Keine Tags, Fügen Sie das erste Tag hinzu!
|
MARC
| LEADER | 00000nam a2200000 4500 | ||
|---|---|---|---|
| 001 | 0228112 | ||
| 005 | 20240314122727.5 | ||
| 020 | |a 978-92-64-25539-5 | ||
| 041 | 0 | |a eng | |
| 044 | |a FR | ||
| 245 | 1 | 0 | |a Being an independent regulator |
| 264 | 1 | |a Paris |b OECD |c 2016 | |
| 300 | |a 90 s. | ||
| 490 | 1 | |a <The> governance of regulators | |
| 830 | 0 | |a <The> governance of regulators | |
| 610 | 2 | 0 | |a regulácia hospodárska |
| 610 | 2 | 0 | |a transparentnosť |
| 610 | 2 | 0 | |a nezávislosť |
| 610 | 2 | 0 | |a nezávislosť hospodárska |